| 000 | 00558nam a22001937a 4500 | ||
|---|---|---|---|
| 005 | 20260130131707.0 | ||
| 008 | 260130b |||||||| |||| 00| 0 eng d | ||
| 020 |
_a9788173714542 _c495.00 |
||
| 040 | _aMAIN | ||
| 041 | _aEnglish | ||
| 082 |
_a512.7 _bNUM |
||
| 100 |
_aShailesh, Shirali (ed) _926115 |
||
| 245 |
_aNumber Theory _b:Selected Articales from resonance-A Journal of Science Education |
||
| 260 |
_aHyderabad _bUniversity Press _c2024 |
||
| 300 | _a102 | ||
| 650 |
_aMathematics _9133 |
||
| 700 |
_aYogananda, C.S. (ed) _926116 |
||
| 942 | _cBK | ||
| 999 |
_c60166 _d60166 |
||